[Event "Mistrzostwa Polski Juniorow do 16 lat"]
[Site "Karpacz"]
[Date "2015.??.??"]
[Round "2.12"]
[White "Szmer, Aleksander"]
[Black "Madej, Roman"]
[Result "1/2-1/2"]
[WhiteElo "1767"]
[BlackElo "1935"]
[PlyCount "52"]
[EventDate "2015.??.??"]

1. e4 c6 2. d4 d5 3. e5 c5 4. dxc5 Nc6 5. Bb5 e6 6. Be3 Nge7 7. c3 Bd7 8. Bxc6
Bxc6 9. Bd4 Ng6 10. Nf3 f6 11. O-O f5 12. a4 Be7 13. b4 a6 14. Nbd2 O-O 15. Re1
h6 16. Nf1 Bg5 17. Qc2 Kh7 18. g3 Be7 19. Kg2 Rg8 20. h4 Nh8 21. Ne3 g6 22. Nf1
Nf7 23. Ne3 Nh8 24. Nf1 Nf7 25. Ne3 Nh8 26. Nf1 Nf7 1/2-1/2

[Event "Mistrzostwa Polski Juniorow do 16 lat"]
[Site "Karpacz"]
[Date "2015.??.??"]
[Round "2.13"]
[White "Czerniawski, Krzysztof"]
[Black "Janik, Igor"]
[Result "0-1"]
[WhiteElo "1680"]
[BlackElo "2277"]
[PlyCount "72"]
[EventDate "2015.??.??"]

1. d4 Nf6 2. c4 g6 3. Nc3 Bg7 4. e4 d6 5. h3 O-O 6. Nf3 e5 7. dxe5 dxe5 8. Qxd8
Rxd8 9. Bg5 c6 10. Rd1 Rxd1+ 11. Kxd1 Nbd7 12. Bxf6 Bxf6 13. Kc2 Nc5 14. b3 Kf8
15. Be2 Ke7 16. Rd1 Bg7 17. Ne1 Ne6 18. Bf1 b6 19. Nd3 Bb7 20. g3 h5 21. h4
Nd4+ 22. Kb2 Bc8 23. f4 Bg4 24. Re1 exf4 25. gxf4 Nf3 26. Re3 Bd4 27. Re2 Nxh4
28. Rh2 Nf3 29. Rh1 Bg7 30. e5 f6 31. exf6+ Bxf6 32. Bg2 Rd8 33. Rd1 Nd4 34.
Rc1 Ne2 35. Ne5 Bxe5 36. fxe5 Rd2+ 0-1

[Event "Mistrzostwa Polski Juniorow do 16 lat"]
[Site "Karpacz"]
[Date "2015.??.??"]
[Round "2.14"]
[White "Karpus, Michal"]
[Black "Klementowski, Dawid"]
[Result "1-0"]
[WhiteElo "2092"]
[BlackElo "1805"]
[PlyCount "91"]
[EventDate "2015.??.??"]

1. e4 e5 2. Nf3 Nc6 3. Bb5 a6 4. Ba4 Bc5 5. O-O b5 6. Bb3 Nf6 7. Re1 O-O 8. c3
Re8 9. d3 d6 10. h3 Be6 11. Nbd2 Qd7 12. Nf1 Ba7 13. Ng3 h6 14. d4 exd4 15.
cxd4 d5 16. e5 Nh7 17. Bc2 f5 18. exf6 Nxf6 19. Ne5 Qd6 20. Nxc6 Qxc6 21. Bg6
Bf7 22. Bxf7+ Kxf7 23. Bf4 Qd7 24. Rc1 c6 25. Be5 Rac8 26. Qf3 Re6 27. Nh5 Rce8
28. Nxf6 gxf6 29. Re3 Bb8 30. Rce1 Bxe5 31. dxe5 Rf8 32. Qf5 Ke7 33. Qh7+ Kd8
34. Qxh6 Qf7 35. exf6 Rxf6 36. Qh4 Kc8 37. Re7 Qg6 38. R1e2 Rg8 39. g4 Rgf8 40.
Qg3 Rf4 41. Qa3 Ra4 42. Qc5 Rh8 43. Qc3 Rg8 44. Qg3 Qb1+ 45. Kh2 Raxg4 46. Qc7#
1-0

[Event "Mistrzostwa Polski Juniorow do 16 lat"]
[Site "Karpacz"]
[Date "2015.??.??"]
[Round "2.16"]
[White "Oleszek, Maciej"]
[Black "Mockun, Dawid"]
[Result "1/2-1/2"]
[WhiteElo "1788"]
[BlackElo "1892"]
[PlyCount "57"]
[EventDate "2015.??.??"]

1. d4 e6 2. c4 d5 3. Nf3 c6 4. e3 Nf6 5. Nc3 Nbd7 6. Bd3 a6 7. O-O b5 8. c5 Be7
9. Ne2 O-O 10. a4 Bb7 11. b4 Qc7 12. Bb2 Rfe8 13. Qc2 g6 14. h3 Bf8 15. Ra3 Bg7
16. Rfa1 Rad8 17. axb5 axb5 18. Nc3 Qc8 19. Nd2 e5 20. Nb3 e4 21. Bxb5 cxb5 22.
Nxb5 Nb6 23. Na7 Qc7 24. Nb5 Qc8 25. Na7 Qc7 26. Nb5 Qc8 27. Na7 Qc7 28. Nb5
Qc8 29. Na7 1/2-1/2

[Event "Mistrzostwa Polski Juniorow do 16 lat"]
[Site "Karpacz"]
[Date "2015.??.??"]
[Round "2.17"]
[White "Bilczewski, Kacper"]
[Black "Pasieka, Marcin"]
[Result "1-0"]
[WhiteElo "1890"]
[BlackElo "1683"]
[PlyCount "61"]
[EventDate "2015.??.??"]

1. e4 c5 2. c3 e5 3. Nf3 Nc6 4. Bc4 Nf6 5. Ng5 d5 6. exd5 Nxd5 7. Qh5 g6 8. Qf3
Qxg5 9. Bxd5 Nd8 10. O-O Qf5 11. Qe2 Bg7 12. Qb5+ Bd7 13. Qxc5 Ne6 14. Qe3 Nf4
15. Bxb7 Rb8 16. Be4 Qg5 17. d3 h5 18. Qxa7 O-O 19. Bxf4 exf4 20. Qxd7 Rxb2 21.
Qd5 Qg4 22. Bf3 Qh4 23. d4 Kh7 24. Na3 Rd8 25. Qxf7 Rd6 26. Nc4 Rf6 27. Qe8 Rc2
28. Rac1 Rxa2 29. Ne5 Rb6 30. Bd5 Rbb2 31. Qg8+ 1-0

[Event "Mistrzostwa Polski Juniorow do 16 lat"]
[Site "?"]
[Date "2015.03.16"]
[Round "2.2"]
[White "Januszkiewicz, Wojciech"]
[Black "Walter, Szymon"]
[Result "1/2-1/2"]
[WhiteElo "1965"]
[BlackElo "2179"]
[PlyCount "93"]
[EventDate "2015.??.??"]

1. e4 c5 2. Nf3 e6 3. d4 cxd4 4. Nxd4 Nc6 5. Nc3 Qc7 6. Be3 a6 7. Bd3 Nf6 8.
O-O Ne5 9. f3 Bc5 10. Qe2 b5 11. Nb3 Bxe3+ 12. Qxe3 d6 13. Rae1 b4 14. Ne2 O-O
15. Ng3 Ng6 16. c3 a5 17. Rc1 Qb8 18. c4 a4 19. Nd4 Qb6 20. Nc2 Qc5 21. Rfe1
Ne5 22. Bf1 Bb7 23. Kh1 Rac8 24. b3 axb3 25. axb3 Ra8 26. Qd2 Nc6 27. Ra1 Rfd8
28. Rec1 Rxa1 29. Rxa1 d5 30. exd5 exd5 31. cxd5 Rxd5 32. Qe2 g6 33. Qc4 Qd6
34. Ne3 Rc5 35. Qh4 Qe5 36. Re1 Qc3 37. Ne4 Nxe4 38. fxe4 Rh5 39. Qf2 Ne5 40.
Be2 Rh6 41. Ng4 Nxg4 42. Bxg4 Qe5 43. h3 g5 44. Rf1 Qe7 45. Bf5 Ba6 46. Re1 Rc6
47. Qf3 1/2-1/2

[Event "Mistrzostwa Polski Juniorow do 16 lat"]
[Site "?"]
[Date "2015.03.16"]
[Round "2.3"]
[White "Klepek, Witold"]
[Black "Szostko, Jakub"]
[Result "0-1"]
[WhiteElo "1931"]
[BlackElo "2162"]
[PlyCount "70"]
[EventDate "2015.??.??"]

1. e4 c5 2. Nf3 e6 3. d4 cxd4 4. Nxd4 Nf6 5. Nc3 d6 6. g4 h6 7. h4 Nc6 8. Rg1
h5 9. gxh5 Nxh5 10. Bg5 Nf6 11. Qd2 Qb6 12. Nb3 a6 13. O-O-O Bd7 14. Be2 Qc7
15. f4 Nh7 16. e5 dxe5 17. fxe5 Nxg5 18. Rxg5 Rxh4 19. Qe1 Rh8 20. Ne4 Nxe5 21.
Qg3 Rc8 22. c3 Nc6 23. Rxg7 Bxg7 24. Qxg7 Qf4+ 25. Nbd2 Ke7 26. Qg1 Rcg8 27.
Qc5+ Kd8 28. Qb6+ Kc8 29. Bxa6 bxa6 30. Nc5 Nb8 31. Rf1 Qc7 32. Nxd7 Nxd7 33.
Qxa6+ Qb7 34. Qc4+ Kb8 35. Qf4+ e5 0-1

[Event "Mistrzostwa Polski Juniorow do 16 lat"]
[Site "Karpacz"]
[Date "2015.??.??"]
[Round "3.7"]
[White "Zylka, Stanislaw"]
[Black "Szustakowski, Antoni"]
[Result "1-0"]
[WhiteElo "2065"]
[BlackElo "1862"]
[PlyCount "66"]
[EventDate "2015.??.??"]

1. e4 c5 2. Nf3 e6 3. d4 cxd4 4. Nxd4 Nf6 5. Nc3 Nc6 6. Ndb5 Bb4 7. Bf4 Nxe4 8.
Qf3 d5 9. Nc7+ Kf8 10. Nxa8 e5 11. Bd2 Nd4 12. Qd1 Qh4 13. g3 Qf6 14. Nxe4 Nf3+
15. Qxf3 Qxf3 16. Bxb4+ Kg8 17. Nd6 Qxh1 18. O-O-O Be6 19. Nc7 Qxh2 20. Nxd5 h6
21. Ne7+ Kh7 22. Bd3+ g6 23. Bc3 Qh5 24. Ne4 Kg7 25. f4 f6 26. Nc5 Bf7 27. fxe5
Kf8 28. Nc8 Qg5+ 29. Rd2 Qg4 30. Nd6 Qxg3 31. Nxf7 Kxf7 32. Bc4+ Ke8 33. Bb5+
Kf8 1-0

[Event "Mistrzostwa Polski Juniorow do 16 lat"]
[Site "Karpacz"]
[Date "2015.??.??"]
[Round "3.10"]
[White "Zaleski, Lukasz"]
[Black "Szmer, Aleksander"]
[Result "0-1"]
[WhiteElo "2005"]
[BlackElo "1767"]
[PlyCount "68"]
[EventDate "2015.??.??"]

1. e4 c5 2. Nf3 g6 3. d4 Bg7 4. d5 d6 5. c4 Bg4 6. Be2 Nd7 7. O-O Bxf3 8. Bxf3
a6 9. Be2 Ngf6 10. Nc3 O-O 11. Be3 Rb8 12. f3 Qa5 13. Bd2 Qc7 14. Rb1 b6 15.
Be3 Ne8 16. Qd2 Qa7 17. a3 Nc7 18. b4 Rfc8 19. Rfc1 Ne8 20. Bd3 Nef6 21. Na4
Ne5 22. bxc5 bxc5 23. Be2 Ne8 24. Qa5 Nc7 25. Nb6 Rd8 26. Rb3 Rb7 27. Rcb1 Rdb8
28. Bd1 Nb5 29. cxb5 Rxb6 30. bxa6 Nc4 31. Rxb6 Rxb6 32. Rxb6 Nxa5 33. Rb5 Nc4
34. Rb7 Qa8 0-1

[Event "Mistrzostwa Polski Juniorow do 16 lat"]
[Site "Karpacz"]
[Date "2015.??.??"]
[Round "3.14"]
[White "Choina, Michal"]
[Black "Bilczewski, Kacper"]
[Result "0-1"]
[WhiteElo "1678"]
[BlackElo "1890"]
[PlyCount "89"]
[EventDate "2015.??.??"]

1. e4 c6 2. d4 g6 3. h4 d5 4. e5 Bg7 5. h5 Qa5+ 6. c3 Nh6 7. a4 c5 8. dxc5 Qxc5
9. b4 Qc7 10. Qxd5 Be6 11. Bb5+ Nc6 12. Bxc6+ bxc6 13. Qd3 Qxe5+ 14. Qe2 Ng4
15. Qxe5 Nxe5 16. Be3 Nd3+ 17. Kf1 Nxb4 18. a5 Nc2 19. Ra4 Rb8 20. Nd2 Nxe3+
21. fxe3 Bxc3 22. Ne4 Bg7 23. Nc5 Bd5 24. Na6 Rb1+ 25. Kf2 O-O 26. Rb4 Rxb4 27.
Nxb4 Bc3 28. Nxd5 cxd5 29. a6 Rb8 30. h6 Rb1 31. Rh3 Ra1 32. Ne2 Be5 33. Rh4
Rxa6 34. Rb4 f5 35. Rb5 Rd6 36. Rb7 Kf7 37. Rxa7 g5 38. Ra5 Kg6 39. Nd4 Bxd4
40. exd4 Kxh6 41. Ra7 e6 42. g3 Kg6 43. Ra8 Kh5 44. Kf3 Rb6 45. Ra3 0-1

[Event "Mistrzostwa Polski Juniorow do 16 lat"]
[Site "Karpacz"]
[Date "2015.??.??"]
[Round "3.15"]
[White "Mockun, Dawid"]
[Black "Czerniawski, Krzysztof"]
[Result "1/2-1/2"]
[WhiteElo "1892"]
[BlackElo "1680"]
[PlyCount "81"]
[EventDate "2015.??.??"]

1. d4 Nf6 2. Nf3 g6 3. c4 c5 4. e3 Bg7 5. Be2 O-O 6. O-O cxd4 7. Nxd4 Nc6 8.
Nc3 d5 9. Nb3 e6 10. h3 a6 11. a4 Qc7 12. Bd2 Rd8 13. Rc1 Qe7 14. Qc2 Nb4 15.
Qb1 b6 16. cxd5 Nbxd5 17. Rfd1 Bb7 18. Be1 e5 19. a5 Nxc3 20. bxc3 Rab8 21.
Rxd8+ Qxd8 22. c4 bxa5 23. Bxa5 Qc8 24. Bf1 Nd7 25. Qa2 Nc5 26. Nxc5 Qxc5 27.
Rb1 Bf8 28. Bb6 Qc6 29. c5 Rc8 30. Qc4 Kg7 31. Ba7 Ra8 32. Bb6 Rc8 33. Rc1 Be7
34. Qc3 f6 35. Qc4 a5 36. Qb5 a4 37. Qa5 Ra8 38. Qc3 a3 39. Ra1 a2 40. Qc4 Qd5
41. e4 1/2-1/2

[Event "Mistrzostwa Polski Juniorow do 16 lat"]
[Site "Karpacz"]
[Date "2015.??.??"]
[Round "3.18"]
[White "Maj, Kornel"]
[Black "Rzeszowski, Dominik"]
[Result "1-0"]
[WhiteElo "2089"]
[BlackElo "1780"]
[PlyCount "55"]
[EventDate "2015.??.??"]

1. e4 e5 2. Nf3 Nc6 3. d4 exd4 4. Nxd4 Bc5 5. Be3 Qf6 6. c3 Nge7 7. Bc4 O-O 8.
O-O Bb6 9. f4 d6 10. Qd2 Be6 11. Nxe6 fxe6 12. Bxb6 axb6 13. f5 d5 14. fxe6
Qxe6 15. Rxf8+ Rxf8 16. exd5 Qg4 17. Na3 Ne5 18. Be2 Qe4 19. Rd1 Nf5 20. Bd3
Qg4 21. Qe2 Ne3 22. Qxg4 N5xg4 23. Rd2 Nxd5 24. Be4 Nde3 25. Bf3 Nxh2 26. Bxb7
Nhg4 27. Bf3 Ne5 28. Be2 1-0

[Event "Mistrzostwa Polski Juniorow do 16 lat"]
[Site "Karpacz"]
[Date "2015.??.??"]
[Round "3.19"]
[White "Klementowski, Dawid"]
[Black "Kaminski, Piotr"]
[Result "0-1"]
[WhiteElo "1805"]
[BlackElo "1887"]
[PlyCount "78"]
[EventDate "2015.??.??"]

1. e4 c5 2. Nf3 g6 3. c3 Bg7 4. d4 cxd4 5. cxd4 d5 6. e5 Bg4 7. Bb5+ Nc6 8.
Bxc6+ bxc6 9. Nbd2 c5 10. dxc5 Qa5 11. O-O Qxc5 12. Re1 Qc6 13. Nb3 Bxf3 14.
Qxf3 e6 15. Nd4 Qb7 16. Qa3 Ne7 17. Bg5 h6 18. Nb5 Nf5 19. Qa4 O-O 20. Bf4 Rab8
21. Nd6 Nxd6 22. exd6 Rbc8 23. Rac1 Rfd8 24. Rc7 Rxc7 25. dxc7 Rc8 26. Bd6 Bf8
27. Bg3 Qb4 28. Qxb4 Bxb4 29. Rc1 Kf8 30. a3 Be7 31. Kf1 Ke8 32. Rc6 Kd7 33.
Ra6 Bc5 34. b4 Bd4 35. Bd6 Bb6 36. Be5 Kc6 37. a4 Kb7 38. b5 Bxc7 39. Bxc7 Rxc7
0-1

[Event "Mistrzostwa Polski Juniorow do 16 lat"]
[Site "?"]
[Date "2015.03.17"]
[Round "3.1"]
[White "Szostko, Jakub"]
[Black "Nowak, Kamil"]
[Result "1/2-1/2"]
[WhiteElo "2162"]
[BlackElo "2080"]
[PlyCount "83"]
[EventDate "2015.??.??"]

1. e4 e6 2. d4 d5 3. Nd2 Nf6 4. e5 Nfd7 5. Bd3 c5 6. c3 Nc6 7. Ne2 cxd4 8. cxd4
f6 9. exf6 Nxf6 10. O-O Bd6 11. Nf3 O-O 12. Bf4 Bxf4 13. Nxf4 Ng4 14. g3 g5 15.
Ng2 Qf6 16. Be2 Nh6 17. Qd2 Nf5 18. Rad1 g4 19. Ne5 Nfxd4 20. Nxg4 Qg7 21. f4
Bd7 22. Ne5 Nxe2+ 23. Qxe2 Nxe5 24. fxe5 Rac8 25. Rf4 Rxf4 26. Nxf4 Qg5 27. Qe3
Qf5 28. Rf1 Bb5 29. Rc1 Rc2 30. a4 d4 31. Qe1 Rxc1 32. Qxc1 Bc6 33. Qc4 Qb1+
34. Kf2 Qxb2+ 35. Ne2 Kf7 36. Qd3 Kg7 37. Qxd4 Qc2 38. Qxa7 Qf5+ 39. Ke1 Qxe5
40. a5 Qa1+ 41. Kf2 Qf6+ 42. Ke1 1/2-1/2

[Event "Mistrzostwa Polski Juniorow do 16 lat"]
[Site "?"]
[Date "2015.03.17"]
[Round "3.2"]
[White "Domanski, Lukasz"]
[Black "Koziol, Kamil"]
[Result "1-0"]
[WhiteElo "1974"]
[BlackElo "2216"]
[PlyCount "99"]
[EventDate "2015.??.??"]

1. e4 e5 2. Nf3 Nc6 3. Nc3 Nf6 4. Bb5 Nd4 5. Bc4 d6 6. Nxd4 exd4 7. Nd5 Ng4 8.
O-O c6 9. Nf4 Qh4 10. h3 Ne5 11. d3 g6 12. Bb3 Bg7 13. Ne2 Bxh3 14. Nxd4 Bg4
15. f3 Bd7 16. Ne2 c5 17. Be3 O-O 18. d4 cxd4 19. Nxd4 Kh8 20. Qe1 Qe7 21. Qb4
a5 22. Qd2 b5 23. Bd5 Nc4 24. Bxc4 bxc4 25. c3 f5 26. exf5 gxf5 27. Rfe1 Qf7
28. Ne2 Rab8 29. Rad1 Ba4 30. Rb1 Be5 31. f4 Bf6 32. Qxd6 Bc2 33. Rbc1 Rxb2 34.
Qd2 Qe6 35. Ng3 Rg8 36. Bf2 Qf7 37. Rxc2 Rb5 38. Rd1 Rd8 39. Bd4 Bxd4+ 40. cxd4
Qg6 41. Nf1 Qe6 42. Ne3 c3 43. Rxc3 Rb4 44. d5 Qe4 45. Qc2 Qxf4 46. Qxf5 Qd6
47. Rc6 Qb8 48. Qf6+ Kg8 49. Nf5 Qa7+ 50. Kh1 1-0

[Event "Mistrzostwa Polski Juniorow do 16 lat"]
[Site "?"]
[Date "2015.03.17"]
[Round "3.3"]
[White "Walter, Szymon"]
[Black "Janiszewski, Filip"]
[Result "1/2-1/2"]
[WhiteElo "2179"]
[BlackElo "1919"]
[PlyCount "71"]
[EventDate "2015.??.??"]

1. e4 c5 2. Nf3 d6 3. d4 cxd4 4. Nxd4 Nf6 5. Nc3 a6 6. h3 e6 7. g4 Be7 8. Bg2
O-O 9. g5 Nfd7 10. h4 Nc6 11. Be3 Nxd4 12. Qxd4 b5 13. a4 b4 14. Qxb4 Rb8 15.
Qd4 Rxb2 16. Nd5 Rxc2 17. Nxe7+ Qxe7 18. O-O Bb7 19. Rfd1 Rc6 20. Rab1 Ne5 21.
Rbc1 Rfc8 22. Rxc6 Rxc6 23. Qa7 Qc7 24. Rb1 Bc8 25. Qxc7 Rxc7 26. Rb8 Kf8 27.
a5 Ke7 28. Kf1 Kd7 29. Bb6 Rc2 30. Ra8 Nc6 31. Bf3 Rc1+ 32. Kg2 Rc2 33. Kf1
Rc1+ 34. Kg2 Rc2 35. Kf1 Rc1+ 36. Kg2 1/2-1/2

[Event "Mistrzostwa Polski Juniorow do 16 lat"]
[Site "?"]
[Date "2015.03.17"]
[Round "3.5"]
[White "Michalski, Filip"]
[Black "Winiarski, Mikolaj"]
[Result "0-1"]
[WhiteElo "2030"]
[BlackElo "2113"]
[PlyCount "106"]
[EventDate "2015.??.??"]

1. d4 Nf6 2. c4 g6 3. Nc3 d5 4. Nf3 Bg7 5. Bg5 Ne4 6. Bf4 Nxc3 7. bxc3 c5 8.
cxd5 Qxd5 9. e3 cxd4 10. cxd4 O-O 11. Be2 Nc6 12. O-O b6 13. Rc1 Bb7 14. Qa4
Rac8 15. Rc2 Qa5 16. Qxa5 Nxa5 17. Rfc1 Rxc2 18. Rxc2 Rc8 19. Rxc8+ Bxc8 20.
Nd2 Bf8 21. Ne4 Bb7 22. Nc3 e6 23. Nb5 a6 24. Nd6 Bxd6 25. Bxd6 b5 26. Bc5 Bd5
27. a3 f6 28. f3 Kf7 29. e4 Bc6 30. Bb4 Nb7 31. Kf2 Ke8 32. Bd1 Kd7 33. Bb3 Nd6
34. Ke3 Bb7 35. Kd3 f5 36. e5 Nc8 37. Bc5 Ne7 38. Bxe7 Kxe7 39. a4 Bc6 40. axb5
Bxb5+ 41. Bc4 g5 42. Kc3 Kd7 43. Bb3 f4 44. Kb4 Bf1 45. g3 fxg3 46. hxg3 h5 47.
Ba4+ Ke7 48. f4 gxf4 49. gxf4 Bg2 50. Kc5 h4 51. f5 h3 52. f6+ Kf7 53. d5 Bxd5
0-1

[Event "Mistrzostwa Polski Juniorow do 16 lat"]
[Site "?"]
[Date "2015.03.17"]
[Round "3.6"]
[White "Wisniewski, Michal"]
[Black "Januszkiewicz, Wojciech"]
[Result "0-1"]
[WhiteElo "2096"]
[BlackElo "1965"]
[PlyCount "106"]
[EventDate "2015.??.??"]

1. e4 c5 2. Nf3 d6 3. d4 Nf6 4. Bb5+ Bd7 5. Bxd7+ Qxd7 6. dxc5 Nxe4 7. cxd6
Nxd6 8. O-O Nc6 9. Bf4 O-O-O 10. Nc3 Qf5 11. Bxd6 Rxd6 12. Qe2 e6 13. Rad1 Be7
14. Nb5 Rdd8 15. Qc4 Qc5 16. Qxc5 Bxc5 17. Ng5 a6 18. Nc3 Rdf8 19. Nce4 Be7 20.
Nd6+ Bxd6 21. Rxd6 h6 22. Ne4 Kc7 23. Rfd1 Rd8 24. Rxd8 Rxd8 25. Rxd8 Nxd8 26.
Kf1 Kc6 27. Ke2 f5 28. Nd2 Kd5 29. Kd3 Nc6 30. c4+ Kd6 31. Kc3 g5 32. b4 Ne5
33. f3 Ng6 34. g3 Ne5 35. h3 h5 36. a4 h4 37. gxh4 gxh4 38. b5 Ng6 39. Kb4 Nf4
40. c5+ Kc7 41. Nc4 Nxh3 42. b6+ Kb8 43. c6 bxc6 44. Kc5 Ng5 45. Na5 Nf7 46.
Nxc6+ Kc8 47. Nb4 h3 48. Nd3 h2 49. Nf2 Kb7 50. f4 e5 51. a5 exf4 52. Kd5 Ng5
53. Kd4 Ne4 0-1

[Event "Mistrzostwa Polski Juniorow do 16 lat"]
[Site "Karpacz"]
[Date "2015.??.??"]
[Round "3.8"]
[White "Karpus, Michal"]
[Black "Adamczewski, Maciej"]
[Result "1-0"]
[WhiteElo "2092"]
[BlackElo "1903"]
[PlyCount "113"]
[EventDate "2015.??.??"]

1. e4 e6 2. Nf3 d5 3. Nc3 Nf6 4. e5 Nfd7 5. d4 a6 6. Bd3 c5 7. dxc5 Bxc5 8. Bf4
Nc6 9. Qe2 Qc7 10. O-O Nb4 11. Rac1 Nf8 12. a3 Nc6 13. Rfe1 Ne7 14. Nb1 Nfg6
15. Bg3 b5 16. Nbd2 Bb7 17. Nb3 Bb6 18. Nbd4 Nc6 19. c3 Rc8 20. Qd2 Qd8 21. Nb3
Qe7 22. h4 Nf8 23. h5 h6 24. Qf4 Nd7 25. Bh4 Qf8 26. Nbd4 Nc5 27. Bb1 Bd8 28.
Bg3 Bb6 29. Qg4 Kd7 30. Nd2 Kc7 31. Bc2 Kb8 32. b4 Na4 33. Nxc6+ Bxc6 34. Bxa4
bxa4 35. c4 Rg8 36. cxd5 Bxd5 37. Ne4 Rxc1 38. Rxc1 Qe8 39. Nd6 Qd7 40. Qe2 Ka7
41. Bf4 Rb8 42. Be3 Bxe3 43. Qxe3+ Ka8 44. Qc5 f6 45. Qa5 fxe5 46. Qxa6+ Qa7
47. Qe2 Rd8 48. Ne4 Qb6 49. Nc5 Qc6 50. f3 Qd6 51. Rd1 Rf8 52. Nxa4 Rf5 53. Qb5
Qc6 54. Qxc6+ Bxc6 55. Nb6+ Kb7 56. Nc4 Rxh5 57. Na5+ 1-0

[Event "Mistrzostwa Polski Juniorow do 16 lat"]
[Site "Karpacz"]
[Date "2015.??.??"]
[Round "3.9"]
[White "Janik, Igor"]
[Black "Holownia, Michal"]
[Result "1-0"]
[WhiteElo "2277"]
[BlackElo "1795"]
[PlyCount "91"]
[EventDate "2015.??.??"]

1. e4 e5 2. Nf3 Nc6 3. Bb5 a6 4. Ba4 Nf6 5. O-O Nxe4 6. d4 b5 7. Bb3 d5 8. dxe5
Be6 9. Nbd2 Nc5 10. c3 Be7 11. Qe2 O-O 12. Nd4 Nxd4 13. cxd4 Nxb3 14. Nxb3 Qd7
15. Bd2 Bf5 16. Rac1 f6 17. e6 Qe8 18. Rxc7 Bd6 19. Rc3 Qg6 20. Nc5 b4 21. Re3
a5 22. e7 Rfe8 23. Qf3 Kh8 24. Qxd5 Bf4 25. Re2 Bxd2 26. Rxd2 Ra7 27. Qf3 Raxe7
28. h3 h6 29. Kh2 Be4 30. Nxe4 Rxe4 31. d5 R4e5 32. d6 Qf7 33. b3 Qe6 34. Rfd1
Rd8 35. Qd3 Re1 36. Rxe1 Qxe1 37. Qd5 Kh7 38. d7 Qe7 39. Qxa5 g6 40. Qd5 Kg7
41. g3 h5 42. Kg2 Qe1 43. Rd4 Qe7 44. Re4 Qxd7 45. Qxd7+ Rxd7 46. Rxb4 1-0

[Event "Mistrzostwa Polski Juniorow do 16 lat"]
[Site "Karpacz"]
[Date "2015.??.??"]
[Round "3.12"]
[White "Madej, Roman"]
[Black "Jankowiak, Tomasz"]
[Result "1-0"]
[WhiteElo "1935"]
[BlackElo "1663"]
[PlyCount "63"]
[EventDate "2015.??.??"]

1. e4 e5 2. Nf3 Nf6 3. Nxe5 d6 4. Nf3 Nxe4 5. d4 d5 6. Bd3 Nc6 7. O-O Be7 8. c4
Nb4 9. Be2 O-O 10. Nc3 Bf5 11. a3 Nxc3 12. bxc3 Nc6 13. Re1 Bf6 14. Bf4 Rc8 15.
h3 Re8 16. cxd5 Qxd5 17. Nd2 Na5 18. g4 Bg6 19. Qa4 b6 20. Bf3 Rxe1+ 21. Rxe1
Qd8 22. Bxc7 Qf8 23. Qd7 h5 24. gxh5 Bf5 25. Qxf5 Rxc7 26. Be4 Qd8 27. Qh7+ Kf8
28. Bg6 fxg6 29. hxg6 Be5 30. Qh8+ Ke7 31. Rxe5+ Kd7 32. Rd5+ 1-0

[Event "Mistrzostwa Polski Juniorow do 16 lat"]
[Site "Karpacz"]
[Date "2015.??.??"]
[Round "3.16"]
[White "Wisniewski, Jacek"]
[Black "Tamon, Radoslaw"]
[Result "0-1"]
[WhiteElo "1775"]
[BlackElo "1880"]
[PlyCount "54"]
[EventDate "2015.??.??"]

1. e4 e6 2. d4 d5 3. Nd2 c5 4. exd5 Qxd5 5. Ngf3 cxd4 6. Bc4 Qd6 7. O-O Nf6 8.
Nb3 Nc6 9. Nbxd4 Nxd4 10. Nxd4 a6 11. Re1 Qc7 12. Bb3 Be7 13. Bg5 O-O 14. Qe2
Re8 15. Rad1 Bd7 16. Rd3 e5 17. Rc3 Qa5 18. Re3 exd4 19. Re5 Bb5 20. Qd1 Qc7
21. Qxd4 Rad8 22. Qe3 Bd6 23. Bxf6 Rxe5 24. Bxe5 Bxe5 25. c4 Bd4 26. Qe2 Bc6
27. Bc2 g6 0-1

[Event "Mistrzostwa Polski Juniorow do 16 lat"]
[Site "Karpacz"]
[Date "2015.??.??"]
[Round "3.17"]
[White "Bakalarczyk, Jakub"]
[Black "Oleszek, Maciej"]
[Result "1-0"]
[WhiteElo "1602"]
[BlackElo "1788"]
[PlyCount "56"]
[EventDate "2015.??.??"]

1. d4 d5 2. c4 e6 3. Nc3 Nf6 4. Nf3 c6 5. Bg5 Be7 6. e3 Nbd7 7. Qc2 O-O 8. Bd3
h6 9. Bh4 dxc4 10. Bxc4 b5 11. Bd3 Bb7 12. O-O a6 13. Rfd1 Re8 14. Rac1 Qb6 15.
Ne4 Nxe4 16. Bxe7 Rxe7 17. Bxe4 Rc8 18. b4 a5 19. a3 Nf6 20. Bd3 axb4 21. axb4
Nd5 22. Qb3 Ra8 23. Be4 Nf6 24. Nd2 e5 25. dxe5 Rxe5 26. Bf3 Qc7 27. Qc3 Rc8
28. Nb3 Nd7 1-0

[Event "Mistrzostwa Polski Juniorow do 16 lat"]
[Site "Karpacz"]
[Date "2015.??.??"]
[Round "3.20"]
[White "Badyra, Wasyl"]
[Black "Pasieka, Marcin"]
[Result "1-0"]
[WhiteElo "1885"]
[BlackElo "1683"]
[PlyCount "79"]
[EventDate "2015.??.??"]

1. e4 d6 2. d4 Nf6 3. Nc3 Nbd7 4. Bc4 e5 5. Nf3 Be7 6. O-O O-O 7. h3 c6 8. dxe5
dxe5 9. a3 Qc7 10. Qe2 b5 11. Ba2 Bb7 12. Bg5 a5 13. a4 b4 14. Nb1 Nb6 15. Nbd2
Ba6 16. Bc4 Nxc4 17. Nxc4 Rfe8 18. Rfd1 Nd7 19. Be3 Nc5 20. Nfd2 Ne6 21. Qh5 g6
22. Qxe5 Qxe5 23. Nxe5 Bf6 24. Nec4 Nd4 25. e5 Bxe5 26. Nxe5 Ne2+ 27. Kh2 Rxe5
28. Nb3 f5 29. g3 f4 30. gxf4 Rf5 31. Nd4 Rf6 32. Nxe2 Bxe2 33. Rd7 Bf3 34. Re1
Rf7 35. Rxf7 Kxf7 36. Bb6 Bd5 37. Kg3 Be6 38. Re5 Bd5 39. f5 Kf6 40. Bd4 1-0

[Event "Mistrzostwa Polski Juniorow do 16 lat"]
[Site "Karpacz"]
[Date "2015.??.??"]
[Round "3.11"]
[White "Golda, Sebastian"]
[Black "Wacior, Maciej"]
[Result "1-0"]
[WhiteElo "1874"]
[BlackElo "1997"]
[PlyCount "59"]
[EventDate "2015.??.??"]

1. e4 c6 2. d4 d5 3. Nc3 dxe4 4. Nxe4 Bf5 5. Ng3 Bg6 6. Nh3 e6 7. Bc4 Nf6 8.
Nf4 Bd6 9. c3 Bxf4 10. Bxf4 Nbd7 11. Bb3 Nb6 12. Qf3 Nbd5 13. Be5 O-O 14. O-O
Qe7 15. Rfe1 Nd7 16. Nh5 Qh4 17. Ng3 Nxe5 18. Rxe5 a5 19. a3 b5 20. Ne4 Rfd8
21. Nc5 b4 22. Ba4 bxc3 23. bxc3 Rdc8 24. Rae1 Rab8 25. Bxc6 Nxc3 26. Nxe6 fxe6
27. Qxc3 Bf7 28. Rxa5 Qf4 29. Rc5 Rd8 30. Rd1 1-0

[Event "Mistrzostwa Polski Juniorow do 16 lat"]
[Site "Karpacz"]
[Date "2015.??.??"]
[Round "4.8"]
[White "Koziol, Kamil"]
[Black "Golda, Sebastian"]
[Result "1/2-1/2"]
[WhiteElo "2216"]
[BlackElo "1874"]
[PlyCount "67"]
[EventDate "2015.??.??"]

1. d4 Nf6 2. c4 g6 3. Nc3 Bg7 4. e4 d6 5. f4 O-O 6. Nf3 c5 7. dxc5 dxc5 8. Qxd8
Rxd8 9. e5 Nfd7 10. Nd5 Nc6 11. e6 Nf8 12. exf7+ Kxf7 13. Be2 Ne6 14. O-O Ned4
15. Ng5+ Kg8 16. Bd3 Rb8 17. Rb1 b6 18. h3 e6 19. Nc3 Nb4 20. Be4 Bb7 21. Be3
Bxe4 22. Ngxe4 Nf5 23. Bf2 Nd3 24. Kh2 Nxf2 25. Rxf2 h6 26. Re1 Kf7 27. g4 Nd4
28. Ng3 Rb7 29. f5 gxf5 30. gxf5 exf5 31. Nd5 b5 32. Nxf5 Nxf5 33. Rxf5+ Kg6
34. Rf2 1/2-1/2

[Event "Mistrzostwa Polski Juniorow do 16 lat"]
[Site "Karpacz"]
[Date "2015.??.??"]
[Round "4.9"]
[White "Adamczewski, Maciej"]
[Black "Wisniewski, Michal"]
[Result "0-1"]
[WhiteElo "1903"]
[BlackElo "2096"]
[PlyCount "92"]
[EventDate "2015.??.??"]

1. d4 Nf6 2. c4 g6 3. Nc3 d5 4. cxd5 Nxd5 5. e4 Nxc3 6. bxc3 Bg7 7. Nf3 c5 8.
Rb1 Nc6 9. d5 Ne5 10. Bd2 O-O 11. Nxe5 Bxe5 12. Bc4 Qc7 13. h3 a6 14. a4 Bd7
15. O-O Rab8 16. f4 Bg7 17. Qb3 b5 18. axb5 axb5 19. Be2 e6 20. dxe6 Bxe6 21.
Qc2 Bd7 22. Be3 Rfe8 23. Bf3 Be6 24. e5 f6 25. exf6 Bxf6 26. Bd2 Bf5 27. Qa2+
Kh8 28. Rbe1 Rxe1 29. Rxe1 b4 30. cxb4 cxb4 31. Bd1 b3 32. Bxb3 Qb6+ 33. Be3
Qxb3 34. Qxb3 Rxb3 35. Kf2 Rb2+ 36. Kg1 Kg8 37. Bf2 Rb4 38. Bg3 Bd4+ 39. Bf2
Bxf2+ 40. Kxf2 Rxf4+ 41. Kg1 Rb4 42. Re2 Rc4 43. Rf2 Rc2 44. Rxc2 Bxc2 45. Kh1
Kf7 46. Kh2 Kf6 0-1